00511nam a2200181Ia 4500020002200000082001600022245007100038260002800109300001300137504001900150650001300169650002900182650003100211650002700242700001700269700001800286700002500304 a978-1-84277-850-0 a305.42 BUI- 0aBuilding feminist movements and organizations: Global perspectives aLondonbZed Booksc2007 avii, 280 aIncludes index aFeminism aWomenvSocial conditions aWomenvSocieties and clubs aWomenvSocial networks aRusso, Anahi aPayne, Noel D aDuran, Lydia Alpizar